000 00361nam a22001337a 4500
040 _cNUST
082 _a808.91,SHA
100 _aShabbir, Talat
_997076
245 _aSilsily Musaafat ke ( سلسلے مسافت کے ) /
_cTalat Shabir
260 _aRawalpindi
_bAl fatah
_c2017
300 _a160 p.;
650 _aUrdu Literature
942 _2ddc
_cBK
_k808.91,SHA
999 _c592790
_d592790